Real or Fake Colors - Sudden Death - Statistics

General Stats
  • This quiz has been taken 34 times
  • The average score is 6 of 8
Answers on the Grid
Answers color-coded by a green-red scale on the quiz's grid according to % correct below.
Navajo White
Midnight Blue
Forest Green
Hot Pink
Royal Purple
Slate Gray
Baby Blue
Burnt Orange
Whispering Bronze
Cactus Fog
Velvet Thunder Blue
Frozen Ember
Lunar Olive
Crimson Teacup
Ocean Dust Gray
Molten Pine
 
Answer Stats
Answer % Correct
Midnight Blue
90%
Baby Blue
86%
Burnt Orange
86%
Slate Gray
86%
Royal Purple
83%
Forest Green
79%
Hot Pink
79%
Navajo White
28%
No matching quizzes found
Score Distribution
Percent of People with Each Score
Percentile by Number Answered
Your Score History
You have not taken this quiz